1342 1753 1894 1076 1149 1221 1698 1324 1025 1107 1963 1586 1488 1619 1621 1930 1040 1755 1572 1478 1995 1184 1658 1743 1420 1310 1533 1788 1743 1967 1870 1326 1578 1846 1912 1871 1023 1598 1562 1364 1190 1364 1570 1746 1558 1676 1608 1338 1083 1335 1507 1901 1259 1212 1840 1804 1251 1755 1319 1134 1211 1305 1813 1004 1827 1891 1545 1865 1290 1626 1654 1161 1598 1727 1416 1794 1671 1446 1742 1380 1791 1903 1062 1140 1845 1483 1196 1404 1560 1711 1992 1603 1603 1146 1500 1913 1797 1627 1583 BCNSPRNW ULIB Ver.6.0+V

เปลี่ยนเป็นภาษาไทย

Change to English
 แสดงรายละเอียดบรรณานุกรม
  กลับหน้าหลัก

Brief Record : Get Marc (ISO 2709) : E-mail record : QR code < ปิดหน้าต่าง
LEADER : 00000nam 2200000uu 4500
001    13399129179
003     ULIB
008    260422s2567||||th 000 0 tha d
020    ^a9789740342380
060 04 ^aWY159^bจ337ก
100 0  ^aจารุวรรณ สนองญาติ
245 10 ^aการพยาบาลเด็กโรคมะเร็งที่พบบ่อย /^cจารุวรรณ สนองญาติ
250    ^aพิมพ์ครั้งที่ 2
260    ^aกรุงเทพฯ :^bสำนักพิมพ์จุฬาลงกรณ์มหาวิทยาลัย,^c2567
300    ^a124 หน้า :^bภาพประกอบ ;^c26 ซม.
650  4 ^aการพยาบาลกุมารเวชศาสตร์
650  4 ^aเด็ก, โรค^xการพยาบาล
650  4 ^aมะเร็งในเด็ก
650  4 ^aมะเร็งในเด็ก^xการพยาบาล
999    ^aประนอม เกษจรัล
รายการนี้ยังไม่มีแท็ก
คุณยังไม่ได้ล็อกอิน คุณสามารถมีกิจกรรมร่วมกับเว็บไซต์ได้ แต่ต้องล็อกอินก่อน ::
  ล็อกอิน

รายการสื่อสารสนเทศ

ลำดับที่ ประเภท เลขเรียก/บาร์โค้ด สถานที่ สถานะ
1. Book การพยาบาล
หนังสือสำรอง
สถานะ=หนังสือสำรอง
WY159 จ337ก ฉ.1 
  Barcode: 012031
ห้องสมุดวิทยาเขตสวรรค์ประชารักษ์
►หนังสือทั่วไป
บนชั้น
2. Book การพยาบาล
Book การพยาบาล
WY159 จ337ก ฉ.2 
  Barcode: 012032
ห้องสมุดวิทยาเขตสวรรค์ประชารักษ์
►หนังสือทั่วไป
บนชั้น
3. Book การพยาบาล
Book การพยาบาล
WY159 จ337ก ฉ.3 
  Barcode: 012033
ห้องสมุดวิทยาเขตสวรรค์ประชารักษ์
►หนังสือทั่วไป
บนชั้น
4. Book การพยาบาล
Book การพยาบาล
WY159 จ337ก ฉ.4 
  Barcode: 012034
ห้องสมุดวิทยาเขตสวรรค์ประชารักษ์
►หนังสือทั่วไป
บนชั้น

รายการใกล้เคียง
    ผู้แต่ง [จารุวรรณ สนองญาติ]

    หัวเรื่อง [การพยาบาลกุมารเวชศาสตร์]
    หัวเรื่อง [มะเร็งในเด็ก]

BibComment


ยังไม่เคยถูกคอมเมนท์

คอมเมนท์ทรัพยากรรายการนี้
  คอมเมนท์: การพยาบาลเด็กโรค..


 Copyright 2026. Bcnsprnw @Library